Easy Apps Quiz - Statistics

General Stats
  • This quiz has been taken 87 times
  • The average score is 12 of 15
Answer Stats
Question Answer % Correct
What is the name of the app that made Charli D'Amelio incredibly famous? TikTok
93%
When you send messages on this app, it is referred to as a 'Tweet'. Therefore, what is this app? Twitter
93%
What app is abbreviated to make 'Insta'? Instagram
91%
Name the app that allows you to stream, watch videos, post videos, comment, like, and subscribe. YouTube
89%
Mark Zuckerberg founded this platform. What is this platform? (hint: not Metaverse yet) Facebook
84%
Name the app/website that allows you to search up things in the Internet, it has a multi-coloured 'G', and allows you to get themes and extensions. Google
81%
'Bridgerton', 'Stranger Things', 'Cobra Kai', and 'Squid Game' are all TV shows that come from what platform? Netflix
81%
What is the app that allows you to pose many hilarious disguises such as a dog? Snapchat
81%
What is the app that allows you to watch Disney-owned movies and TV shows? Disney+
77%
Name the app that shows a phone and a speech bubble on the logo. WhatsApp
73%
This app allows you to save images and share images. The logo is a red circle with a fancy 'P'. What is the app? Pinterest
70%
What app has the logo with a purple background and a white 'Y' with an exclamation mark? Yahoo!
70%
The logo with a green circle with 3 curved lines is symbolised as what app? Spotify
61%
Name the franchise that allows you to 'hitch a ride', deliver food and rent electrical scooters. Uber
59%
This is an app that is blue and has a big 'S' on it and has been purchased by Microsoft. What is the app called? Skype
56%
No matching quizzes found
Score Distribution
Percent of People with Each Score
Percentile by Number Answered
Your Score History
You have not taken this quiz